000 00412cam a2200181 4500
001 D13506
008 090401t1889 xxu||||| |||| 00| 0 eng d
035 _a(Sirsi) u10072
041 _aeng
100 _aBurness, W (ed)
245 _aNesbit`s practical land surveying
250 _a14th
260 _bLongmans Green & Co
_c1889
350 _a0
520 _aShelf 132
942 _n0
948 _c04/03/1997
999 _c86697
_d86697